Statistics for Country and Capital Neighbour Connect with Jumps and Disappearing World Map: Westernmost

Click here to take the quiz!

General Stats

  • This quiz has been taken 555 times
  • The average score is 305 of 392

Answers on the Map

Answers color-coded by a green-red scale on the quiz's map according to % correct below.
 

Answer Stats

HintHintCountry/Capital% Correct
153129United States
100%
151182Mexico
99%
177.4210Guatemala City
95%
151182Mexico City
95%
180.4215El Salvador
94%
177.4210Guatemala
94%
180.4215San Salvador
94%
184.5210.7Tegucigalpa
94%
234373Argentina
93%
248.9339.7Asunción
93%
209180.9Bahamas
93%
180.9203.6Belize
93%
180.9203.6Belmopan
93%
216.3247.5Bogotá
93%
236319Bolivia
93%
266294Brasília
93%
266294Brazil
93%
234373Buenos Aires
93%
14366Canada
93%
232235Caracas
93%
218384Chile
93%
216.3247.5Colombia
93%
192228Costa Rica
93%
206190.2Cuba
93%
221197Dominican Republic
93%
204265.5Ecuador
93%
248242Georgetown
93%
248242Guyana
93%
218196Haiti
93%
206190.2Havana
93%
184.5210.7Honduras
93%
206200.2Jamaica
93%
206200.2Kingston
93%
236319La Paz
93%
208292Lima
93%
188.2218.1Managua
93%
254.9370.2Montevideo
93%
209180.9Nassau
93%
188.2218.1Nicaragua
93%
14366Ottawa
93%
198232.5Panama
93%
198232.5Panama City
93%
248.9339.7Paraguay
93%
254.4248.1Paramaribo
93%
208292Peru
93%
218196Port-au-Prince
93%
204265.5Quito
93%
192228San José
93%
218384Santiago
93%
221197Santo Domingo
93%
254.4248.1Suriname
93%
254.9370.2Uruguay
93%
232235Venezuela
93%
153129Washington D.C.
93%
241.4204Antigua and Barbuda
92%
239.4203.4Basseterre
92%
241.4204Saint John's
92%
239.4203.4Saint Kitts and Nevis
92%
246.5217Barbados
91%
246.5217Bridgetown
91%
242.4209.5Dominica
91%
241.6220.6Grenada
91%
242.5226.6Port-of-Spain
91%
241.6220.6Saint George's
91%
243.2214.6Saint Lucia
91%
242.7216.8Saint Vincent and the Grenadines
91%
242.5226.6Trinidad and Tobago
91%
344216Banjul
90%
326.7206.9Cape Verde
90%
243.2214.6Castries
90%
347212Dakar
90%
344216Gambia
90%
34143Iceland
90%
242.7216.8Kingstown
90%
354195.5Mauritania
90%
354195.5Nouakchott
90%
34143Reykjavík
90%
242.4209.5Roseau
90%
347212Senegal
90%
347.7220.3Bissau
89%
353.3224.2Conakry
89%
368235.9Cote d'Ivoire
89%
354232.9Freetown
89%
353.3224.2Guinea
89%
347.7220.3Guinea-Bissau
89%
359.2239.6Liberia
89%
359.2239.6Monrovia
89%
326.7206.9Praia
89%
354232.9Sierra Leone
89%
368235.9Yamoussoukro
89%
398230.8Abuja
88%
378.2234.5Accra
88%
384.2167.2Algeria
88%
39386.9Amsterdam
88%
384118.7Andorra
88%
384118.7Andorra la Vella
88%
414.2100.9Austria
88%
377202.2Bamako
88%
39191Belgium
88%
385.7225Benin
88%
40489.9Berlin
88%
398.4103.5Bern
88%
39191Brussels
88%
377219Burkina Faso
88%
36382.5Dublin
88%
386105France
88%
40489.9Germany
88%
378.2234.5Ghana
88%
36382.5Ireland
88%
416.4124.2Italy
88%
402103.1Liechtenstein
88%
361.7127.6Lisbon
88%
383232.4Lomé
88%
37786London
88%
394.394.2Luxembourg
88%
394.394.2Luxembourg (cap)
88%
372127.5Madrid
88%
377202.2Mali
88%
366153.5Morocco
88%
39386.9Netherlands
88%
403.3203.9Niamey
88%
403.3203.9Niger
88%
398230.8Nigeria
88%
377219Ouagadougou
88%
386105Paris
88%
385.7225Porto-Novo
88%
361.7127.6Portugal
88%
366153.5Rabat
88%
372127.5Spain
88%
398.4103.5Switzerland
88%
383232.4Togo
88%
37786United Kingdom
88%
402103.1Vaduz
88%
384.2167.2Algiers
87%
420301.2Angola
87%
435336.1Botswana
87%
416.9260.5Brazzaville
87%
407247Cameroon
87%
404255.8Equatorial Guinea
87%
406.5264Gabon
87%
435336.1Gaborone
87%
433267.2Kinshasa
87%
406.5264Libreville
87%
420301.2Luanda
87%
404255.8Malabo
87%
418328Namibia
87%
422.6209.4N'Djamena
87%
416.9260.5Republic of the Congo
87%
416.4124.2Rome
87%
408.5113.9San Marino
87%
408.5113.9San Marino (cap)
87%
431365South Africa
87%
419.3172.9Tripoli
87%
401148Tunis
87%
401148Tunisia
87%
408.5120.7Vatican City
87%
408.5120.7Vatican City (cap)
87%
418328Windhoek
87%
407247Yaoundé
87%
433267.2Democratic Republic of the Congo
86%
438310Zambia
86%
427.6239Bangui
85%
447.8272.6Bujumbura
85%
447.8272.6Burundi
85%
427.6239Central African Republic
85%
422.6209.4Chad
85%
447171.3Egypt
85%
449.6239.5Juba
85%
453.1256.6Kampala
85%
447.8267.7Kigali
85%
419.3172.9Libya
85%
447.8267.7Rwanda
85%
449.6239.5South Sudan
85%
448.5209.5Sudan
85%
459.1282.5Tanzania
85%
453.1256.6Uganda
85%
444360.5Lesotho
84%
438310Lusaka
84%
444360.5Maseru
84%
431365Pretoria
84%
447325Zimbabwe
84%
395.5260.6São Tomé
83%
395.5260.6São Tomé and Príncipe
83%
425.5124Albania
81%
427.6113Belgrade
81%
421113Bosnia and Herzegovina
81%
42398Bratislava
81%
424.4103.1Budapest
81%
401.573.5Copenhagen
81%
418108Croatia
81%
41493.8Czech Republic
81%
43752Finland
81%
43752Helsinki
81%
424.4103.1Hungary
81%
427.5118.5Kosovo
81%
434.376.3Lithuania
81%
413106.5Ljubljana
81%
423.7117.8Montenegro
81%
57752Moscow
81%
401.757Norway
81%
401.757Oslo
81%
423.7117.8Podgorica
81%
423.687.1Poland
81%
41493.8Prague
81%
421113Sarajevo
81%
42398Slovakia
81%
413106.5Slovenia
81%
414.360.5Stockholm
81%
414.360.5Sweden
81%
425.5124Tirana
81%
414.2100.9Vienna
81%
423.687.1Warsaw
81%
418108Zagreb
81%
401.573.5Denmark
80%
43870.6Latvia
80%
397.2114.5Monaco
80%
397.2114.5Monaco (cap)
80%
43870.6Riga
80%
43964.8Tallinn
80%
430129Athens
79%
443.481.2Belarus
79%
436.7107.1Bucharest
79%
437.8117.9Bulgaria
79%
444.4102Chișinău
79%
43964.8Estonia
79%
430129Greece
79%
450.696Kiev
79%
429.5121.7Macedonia
79%
443.481.2Minsk
79%
444.4102Moldova
79%
427.5118.5Pristina
79%
436.7107.1Romania
79%
57752Russia
79%
427.6113Serbia
79%
429.5121.7Skopje
79%
437.8117.9Sofia
79%
450.696Ukraine
79%
434.376.3Vilnius
79%
470234.2Addis Ababa
78%
460.3130.6Ankara
78%
461.7146.8Beirut
78%
447171.3Cairo
78%
467143Damascus
78%
459.1282.5Dodoma
78%
447325Harare
78%
459157Israel
78%
459157Jerusalem
78%
465.8259.9Kenya
78%
448.5209.5Khartoum
78%
461.7146.8Lebanon
78%
456307Lilongwe
78%
456307Malawi
78%
412.9141.1Malta
78%
467309.5Maputo
78%
451.3350.1Mbabane
78%
467309.5Mozambique
78%
465.8259.9Nairobi
78%
451.3350.1Swaziland
78%
412.9141.1Valletta
78%
462.3158.9Amman
77%
478.8149.9Baghdad
77%
478.8149.9Iraq
77%
462.3158.9Jordan
77%
467143Syria
77%
460.3130.6Turkey
77%
482.1179.9Riyadh
76%
488.3208.2Sana'a
76%
482.1179.9Saudi Arabia
76%
487162.9Kuwait
75%
487162.9Kuwait City
75%
466.3209.2Asmara
74%
455.3143.7Cyprus
74%
455.3143.7Nicosia
74%
476.4221.6Djibouti
73%
476.4221.6Djibouti (cap)
73%
466.3209.2Eritrea
73%
470234.2Ethiopia
73%
488230Mogadishu
73%
488230Somalia
73%
479.4301.4Comoros
71%
479.4301.4Moroni
71%
479120Georgia
70%
480.5125Armenia
69%
513130.6Ashgabat
69%
487.6125Azerbaijan
69%
487.6125Baku
69%
501.3152.5Iran
69%
479120Tbilisi
69%
501.3152.5Tehran
69%
513130.6Turkmenistan
69%
480.5125Yerevan
69%
525122.5Uzbekistan
68%
528149.2Afghanistan
67%
545.2133.5Dushanbe
66%
528149.2Kabul
66%
533100Astana
65%
533100Kazakhstan
65%
525122.5Tashkent
65%
615140.9Beijing
64%
584.1169.4Bhutan
64%
548122Bishkek
64%
615140.9China
64%
556185.9India
64%
535.7164.2Islamabad
64%
569.8166.5Kathmandu
64%
548122Kyrgyzstan
64%
569.8166.5Nepal
64%
556185.9New Delhi
64%
535.7164.2Pakistan
64%
545.2133.5Tajikistan
64%
584.1169.4Thimphu
64%
502182.5Abu Dhabi
63%
486324.3Antananarivo
63%
486324.3Madagascar
63%
509.33187.2Muscat
63%
509.33187.2Oman
63%
502182.5United Arab Emirates
63%
488.3208.2Yemen
63%
494.3174Bahrain
61%
495.7176.2Doha
61%
494.3174Manama
61%
495.7176.2Qatar
61%
562235.3Sri Jayawardenepura Kotte
60%
562235.3Sri Lanka
60%
583181.8Bangladesh
59%
583181.8Dhaka
59%
545.9248.9Maldives
59%
545.9248.9Malé
59%
510.1329.1Mauritius
59%
597188.5Myanmar
59%
597188.5Naypyidaw
59%
510.1329.1Port Louis
59%
505.5277Seychelles
59%
505.5277Victoria
59%
638.6246.1Bandar Seri Begawan
58%
608207.9Bangkok
58%
638.6246.1Brunei
58%
635.5264Jakarta
58%
610.3247.2Kuala Lumpur
58%
610.3247.2Malaysia
58%
608207.9Thailand
58%
616219.1Cambodia
56%
624.3219.9Hanoi
56%
610.3194.9Laos
56%
614.2104.1Mongolia
56%
616219.1Phnom Penh
56%
614.2104.1Ulaanbaatar
56%
610.3194.9Vientiane
56%
664.3290.8Dili
55%
635.5264Indonesia
55%
665.7127North Korea
55%
665.7127Pyongyang
55%
669139Seoul
55%
614.2256.7Singapore
55%
669139South Korea
55%
624.3219.9Vietnam
55%
664.3290.8East Timor
54%
693.3140Japan
54%
657220.6Manila
54%
680.5241.3Ngerulmud
54%
680.5241.3Palau
54%
657220.6Philippines
54%
614.2256.7Singapore (cap)
54%
652.9182.1Taipei
54%
652.9182.1Taiwan
54%
683342Australia
53%
683342Canberra
53%
703.7282.4Papua New Guinea
53%
703.7282.4Port Moresby
53%
693.3140Tokyo
53%
717.7235.2Federated States of Micronesia
51%
717.7235.2Palikir
51%
742.1295Honiara
50%
756.2263.4Nauru
50%
742.1295Solomon Islands
50%
756.2263.4Yaren
50%
760.6232.2Majuro
49%
760.6232.2Marshall Islands
49%
776.7391.9New Zealand
49%
755.5318.6Port Vila
49%
755.5318.6Vanuatu
49%
776.7391.9Wellington
48%
802.8307.7Apia
47%
782.9320.1Fiji
47%
804.5282.8Funafuti
47%
21272Kiribati
47%
798.1328.7Nukuʻalofa
47%
802.8307.7Samoa
47%
21272South Tarawa
47%
782.9320.1Suva
47%
798.1328.7Tonga
47%
804.5282.8Tuvalu
47%

Score Distribution

Percentile by Number Answered

Percent of People with Each Score

Your Score History

You have not taken this quiz